|
|
|
|
| LEADER |
01353nam a2200277 a 4500 |
| 001 |
1144828 |
| 008 |
090429s1996 enk b 001 0 eng d |
| 010 |
|
|
|a \\\95038905
|
| 020 |
|
|
|a 9840513206 (hb)
|
| 020 |
|
|
|a 185649361X (hb)
|
| 020 |
|
|
|a 1856493628 (pb)
|
| 040 |
|
|
|a DLC
|c DLC
|d DLC
|
| 082 |
0 |
0 |
|a 362.1/782
|2 20
|
| 100 |
1 |
|
|a Chowdhury, Zafrullah,
|d 1941-
|
| 245 |
0 |
4 |
|a The politics of essential drugs :
|b the makings of a successful health strategy : lessons from Bangladesh /
|c by Zafrullah Chowdhury.
|
| 260 |
|
|
|a London ;
|a Atlantic Highlands, N.J. :
|b Zed Books,
|a Dhaka, Bangladesh:
|b University Press Limited
|c 1996.
|
| 300 |
|
|
|a xviii, 174 p. ;
|c 23 cm.
|
| 500 |
|
|
|a Published in association with the Dag Hammarskjöld Foundation, Uppsala, Sweden.
|
| 504 |
|
|
|a Includes bibliographical references and index.
|
| 541 |
1 |
|
|e 00005700
|
| 650 |
|
0 |
|a Pharmaceutical policy
|x Case studies.
|
| 650 |
|
0 |
|a Pharmaceutical policy
|z Bangladesh.
|
| 852 |
4 |
|
|a Ayesha Abed Library
|j General shelf
|
| 999 |
|
|
|c 9007
|d 9007
|
| 952 |
|
|
|0 0
|1 0
|2 ddc
|4 0
|6 362_178200000000000_CHO_1996
|7 0
|9 11130
|a BRACUL
|b BRACUL
|c GEN
|d 2010-06-20
|g 200.00
|l 4
|m 4
|o 362.1782 CHO
|p 3010005700
|r 2024-09-08
|s 2024-09-01
|t 1
|w 2010-06-20
|y BK
|
| 952 |
|
|
|0 0
|1 0
|2 ddc
|4 0
|6 362_100000000000000_782_CHO
|7 0
|9 43337
|a SCL
|b SCL
|c GEN
|d 1998-11-12
|g 250.00
|l 0
|o 362.1782 CHO
|p 3020000533
|r 2014-07-21
|t 2
|w 2014-07-21
|y BK
|